000 00752nam a22002417a 4500
003 KOHA_MİRAKIL
005 20260325131025.0
008 260325b tu ||||| |||| 00| 0 tur d
020 _a9786058902107
040 _aTR-AnABB
_btur
_cTR-AnABB
041 _atur
082 _a307.12
_bIST 2010
245 0 0 _aİstanbul :
_bKent ve medeniyet /
_cEditörler: Recep Bozlağan, Nail YIlmaz , Aynur Can
246 _aKent ve medeniyet
250 _a2. baskı
260 _aİstanbul :
_bMarmara Belediyeler Birliği,
_c2010
300 _a190 sayfa ;
_c20 cm
650 0 4 _aŞehir planlama
700 1 _aBozlağan, Recep,
_eeditör
_93136
700 1 _aYılmaz, Nail,
_eeditör
_93137
700 1 _aCan, Aynur,
_eeditör
_93138
942 _2ddc
_cBK
999 _c10043
_d10043
900 _bCan ÇELIK